[Event "Sheikh Russel International Grandmaster"]
[Site "Jalshahghar, Hotel Purbani In"]
[Date "2021.10.26"]
[Round "8.10"]
[White "Model game 4: Visakh, N R........."]
[Black "Hossain, Enamul"]
[Result "1/2-1/2"]
[WhiteElo "2515"]
[BlackElo "2396"]
[Annotator "dkulj"]
[PlyCount "99"]
[EventDate "2021.10.19"]
[EventRounds "9"]
[EventCountry "BAN"]

{[%evp 0,99,28,21,29,12,35,28,38,38,37,37,53,27,34,20,21,5,8,16,16,14,8,10,19,
5,8,-18,-5,-34,-23,-23,-23,-16,-5,-32,-5,-7,-16,-16,-11,-7,-12,-1,22,10,28,-14,
-8,6,0,14,0,0,55,55,58,69,28,0,4,25,22,43,35,24,45,25,18,28,48,32,40,5,-3,0,26,
-19,-13,-11,-5,-33,-22,-25,28,-16,-11,-35,-56,-49,-70,-70,-82,-157,-56,-56,-34,
-32,-32,-31,-31,-15]} 1. d4 d5 2. c4 c6 3. Nc3 Nf6 4. e3 e6 5. Nf3 Nbd7 6. Qc2
Bd6 7. b3 O-O 8. Be2 b6 9. Bb2 Bb7 10. O-O Qe7 11. Rad1 Rad8 12. Rfe1 Rfe8 13.
g3 {This move is slightly less flexible than 13.Bf1 but also quite playable.}
a6 {[%csl Ya6,Ra7][%cal Rc3b5] As explained in the introduction, this move is
useful for Black for several reasons.} 14. Bf1 {[%cal Yc3e2,Yf1g2]} e5 {
Black goes for the well-known IQP structure,} ({although it would have been
better to keep the tension with} 14... Bb4 $1 {[%csl Ya6][%cal Ra2a3] and if}
15. Bg2 {then} dxc4 $1 16. bxc4 c5 $13 {[%csl Rc4][%cal Gc5d4] is a good
structural transformation for Black, potentially creating hanging pawns for
White.}) 15. cxd5 cxd5 16. dxe5 Nxe5 17. Nxe5 Bxe5 {[%csl Ya6][%cal Rc3b5] [#]
White cannot go Nb5 now, but he has} 18. Ne2 $1 {forcing an important trade of
dark-squared bishops.} Rc8 19. Qb1 Ne4 20. Bxe5 Qxe5 21. Bg2 {We have a
typical scenario on the board - Black has an isolated pawn on d5 but manages
to compensate for it by active piece play in the center and potential kingside
attack. Therefore, his next move} h5 $5 {[%csl Rg1][%cal Gh5h4] [#] makes a
lot of sense. Which plan should White adopt now? In the game, he tried to
simplify matters with} 22. Qa1 {However, transition from middlegame to endgame
is not that promising for White.} ({The right plan was} 22. Rd4 $1 h4 23. Nf4
$14 {[%csl Yd4,Rd5,Yf4][%cal Gb1d1] exerting pressure on Black's main weakness.
}) 22... Qf5 ({Black would have perfectly adequate counterplay in the endgame
thanks to his control over the c-file.} 22... Qxa1 23. Rxa1 Rc2 24. Nd4 Rc3 25.
Rac1 Rec8 26. Rxc3 Rxc3 27. Kf1 a5 $11 {[%csl Yc3,Re1][%cal Gb7a6] and it is
not obvious how White can improve his position.}) 23. Rf1 {Keeping the wrong
strategic direction.} (23. Nf4 {[%csl Rd5,Yf4] was, again, the best way to
play this position.} Rc2 (23... g5 24. Bxe4 $1 dxe4 25. Nxh5) 24. Qb1 Rec8 25.
Bh3) 23... h4 24. Nd4 {[%csl Rd4,Gd5] A tempting move, but it gives Black a
free attack on the kingside. The problem is that the knight stands nicely on
d4 but it does nothing there. It actually belongs on f4 in order to put
pressure on Black.} (24. Nf4 {[%csl Rd5,Yf4]} Nc3 25. Rd4 g5 26. Bh3) (24. gxh4
Qh5 25. Ng3 Qxh4 26. Bxe4 (26. Rc1) 26... dxe4 27. Qxg7+ Kxg7 28. Nf5+ Kf6 29.
Nxh4 Rc2 30. Rd6+) 24... Qh5 25. Rc1 hxg3 ({Black could have taken the
initiative with} 25... Rc5 26. Qb2 h3 $1 $36 {[%csl Ye4,Rg1]}) 26. hxg3 Rcd8
27. Rc7 (27. Bxe4 dxe4 28. Kg2 Bc8 (28... Rxd4 29. Qxd4 Qf3+ 30. Kg1 Bc8 31.
Qd1) 29. Rh1 Qg6 30. Rh4 Bg4) 27... Bc8 28. Rfc1 Bh3 29. Qb2 Rd6 30. R7c6 Rxc6
31. Rxc6 Qd1+ 32. Kh2 Bd7 33. Rc1 Qh5+ 34. Kg1 Nf6 35. Nf3 Bf5 36. Nh2 Be4 37.
Qd2 a5 38. Qd1 (38. f3 Bg6 39. g4 Qh4 40. Nf1 $14) 38... Qxd1+ 39. Rxd1 Rc8 40.
Bxe4 Nxe4 41. Rxd5 Rc1+ 42. Kg2 Rc2 43. Ng4 Rxa2 44. Rb5 Rb2 45. Rxb6 f5 46.
Ne5 Rxf2+ (46... a4 $17) 47. Kg1 Re2 48. g4 Re1+ 49. Kg2 Re2+ 50. Kg1 1/2-1/2

[Event "FIDE Chess.com Grand Swiss"]
[Site "Douglas"]
[Date "2019.10.10"]
[Round "1"]
[White "Model game 5: Vidit, Santosh Gujrathi"]
[Black "Sethuraman, SP......"]
[Result "1-0"]
[WhiteElo "2718"]
[BlackElo "2624"]
[Annotator "Vidit,S/dkulj"]
[PlyCount "121"]
[EventDate "2019.10.10"]
[EventType "swiss"]
[EventRounds "11"]
[EventCountry "IOM"]
[SourceTitle "CBM 193"]
[Source "ChessBase"]
[SourceDate "2019.12.31"]
[SourceVersion "1"]
[SourceVersionDate "2019.12.31"]
[SourceQuality "1"]

{[%evp 0,6,20,20,20,13,1,4,13]} 1. d4 d5 2. c4 e6 3. Nf3 Nf6 4. Nc3 c6 5. e3
Nbd7 6. Qc2 Bd6 7. Be2 O-O 8. b3 b6 9. O-O Bb7 10. Bb2 Qe7 11. Rad1 Rad8 12.
Rfe1 Rfe8 13. h3 {[#] An over the board improvisation. I wanted to play Bf1,
but at the same time wanted to avoid Black's ideas with e5.} (13. Bf1 {, with
ideas to play e4 or improve the bishop with g3- Bg2, is the most common move.
But in this particular position Black has the idea to react immediately in the
centre:} e5 $1 14. cxd5 (14. dxe5 Nxe5 15. Nd4 dxc4 16. bxc4 g6 $13 (16... Bb4
17. h3) (16... Bb8 17. f4 Ng6 18. g3 $16)) 14... e4 $1 {The point.} 15. dxc6
exf3 16. cxb7 Bxh2+ $1 17. Kxh2 Qd6+ 18. Kh3 Re5 $3 19. dxe5 Qe6+ 20. Kh2 Qxe5+
21. Kg1 Ng4 {with a mating attack.}) (13. e4 dxe4 14. Nxe4 Nxe4 15. Qxe4 Bb4
16. Rf1 Bd6 {has led to many move repetitions.}) 13... a6 {This creates a
weakness on the queenside. It's probably better to be less committal.} (13...
c5 $5 14. cxd5 exd5 {This looks like a good version of the hanging pawns for
Black since White cannot fianchetto his bishop on g2 anymore.} 15. Bd3 {
[%csl Rh3][%cal Gg2g3,Gd3f1,Gf1g2]} a6 $13) (13... e5 $6 14. cxd5 cxd5 15. dxe5
Nxe5 16. Nd4 $16 {[%csl Yd4]}) 14. e4 dxe4 15. Nxe4 Nxe4 16. Qxe4 {[%csl Ra6,
Rb6,Rb7,Yc4,Yd4]} Bb4 {[%csl Re1]} 17. Rf1 {[#]} Ba3 $6 (17... Bd6 {I judged
that the inclusion of h3-a6 should be in White's favor. However, Black should
have played this as he is still quite solid.} 18. Ne5 (18. Bd3 Nf8) 18... f5
19. Qf4 Nxe5 (19... c5 20. dxc5 Nxc5 21. Bd4 $14) 20. dxe5 Bc5 21. Bf3 $14 {
[%csl Rb7]}) 18. Bd3 $5 {I played this after a long thought. I wanted to find
a way to punish Black's innaccuracy. Objectively it's not the most precise way.
} (18. Bxa3 Qxa3 19. Ne5 (19. Rfe1 {Computer's top choice! The idea is to
overprotect e2.} Qxa2 20. b4 {followed by c5. White would have enough
compensation for the pawn.} (20. Qf4 $1 {[%cal Gf4c7]} Qxb3 21. Qc7 Ba8 22. Ng5
{[%csl Ra8,Yc7,Rd7,Rd8,Re8] and the engine gives White as better. It was quite
tough to judge this during the game.})) 19... Qxa2) (18. Ba1 Nf8 $132 {
followed by c5.}) 18... Nf6 19. Bxa3 Qxa3 20. Qf4 c5 {[%cal Gb7g2] [#]} 21. d5
$1 {[%csl Rb7][%cal Gf4c7] The point.} exd5 22. Qc7 {[%csl Rb6,Rb7]} Bc8 $6 {
Logical, but not the most accurate.} (22... Rd7 23. Qxb6 Re6 24. Qa7 {with
ideas like Bf5 and Rfe1, I thought White is doing well. But, Black has
sufficient resources:} d4 $1 25. Rfe1 Be4 $1 26. Qb8+ Re8 27. Qf4 Rde7 $1 {
and Black consolidates.}) 23. Qxb6 Be6 $6 (23... Qxa2 {During the game I felt
that taking the pawn is most accurate.} 24. cxd5 Rxd5 (24... Nxd5 25. Qxc5 Qxb3
26. Bc4 $18) 25. Ra1 {I missed this intermezzo.} (25. Bc4 Rxd1 26. Rxd1 Qc2 $1
{with enough counterplay.}) 25... Qb2 26. Bc4 Rdd8 27. Ng5 $16) (23... h6 $1 {
Not an easy move to make. It creates a safe haven for the king and at the same
time stops Ng5 ideas.}) 24. cxd5 Bxd5 25. Qxa6 Qxa6 (25... Ra8 26. Qxa3 Rxa3
27. Bb1 c4 28. Nd4 {Compared to the game, Black has more activity.}) 26. Bxa6
Ra8 27. Bb5 Reb8 28. Ba4 {[%csl Ga4] After the game, Sethu confessed that he
had apparently missed this idea. Now White remains a pawn up. However,
converting the extra pawn is still a task.} c4 29. Nd4 cxb3 30. axb3 Rb6 31.
Rfe1 g6 32. Rc1 Rd8 $6 {Allows a favorable exchange of minor pieces.} (32...
Rab8 $142) 33. Nc6 $1 Bxc6 34. Rxc6 Rdb8 35. Rxb6 Rxb6 36. Re5 {If I could get
my bishop to c4, White would be strategically winning.} Rb4 37. g3 $2 {This
allows unnecessary counterplay. Wiser was to play the uglier looking f which
restricts the knight on f6.} (37. f3 {looks ugly, but Black cannot take
advantage of the weaknesses on the dark squares.} Rd4 38. Bb5) 37... Ne4 $1 38.
Rb5 Rd4 39. Rb8+ Kg7 40. Bc6 {I calculated this far. White of course has good
winning chances, but Black has some counterplay.} Nc5 $1 41. Rb5 (41. b4 $2 Na6
$1 $11) 41... Nd3 $4 {A complete shocker. Once White exchanges rooks, the
extra pawn should be easy enough to convert. For good or worse, Black had to
keep the rooks and create some threats around the White king.} (41... Rd1+ $1
42. Kg2 Nd3 43. Be4 f5 $1 {The key move, forcing White to trade the bishop for
the knight.} 44. Bxd3 Rxd3 45. h4 Kf6 46. b4 Rb3 {I am not sure about the
assesment of this endgame. But definitely, Black has good drawing chances,
compared to the game.}) 42. Rd5 Rxd5 43. Bxd5 f5 44. Kf1 Nb4 45. Bc4 (45. Bb7
Nc2 {and it's not easy to bring in the king because of the fork on d4.}) 45...
Kf6 46. Ke2 g5 47. Kd2 Ke5 48. Bg8 $1 {Emptying the c4 square for the king,
with a tempo.} (48. Kc3 Na2+ $1 49. Kb2 Nb4) 48... h5 49. Kc3 Nc6 50. Bf7 $1 {
Precise. It was still possible to blunder away the win.} ({For example,} 50. b4
$2 Nxb4 $3 51. Kxb4 Ke4 52. Bf7 Kf3 53. Bxh5+ Kxf2 54. g4 f4 $11) 50... h4 51.
gxh4 gxh4 52. b4 Nd4 (52... Nxb4 53. Kxb4 Ke4 54. Bh5 {stops the king from
infiltrating.}) 53. Kc4 Ne2 (53... Nf3 {would require White to be more
accurate:} 54. Bd5 Ng5 55. f4+ $1 Kxf4 56. b5 Ke5 57. Kc5 $18 {The b-pawn is
unstoppable.} Nh7 58. b6) 54. Kc5 $18 {The rest is easy.} Nf4 55. b5 Nd3+ 56.
Kc6 Nb4+ 57. Kd7 Kd4 58. Kd6 Ke4 59. b6 Kd4 60. b7 Na6 61. Bh5 1-0